00445nam a2200133Ia 4500008004100000245004400041245005700085260000900142300001900151300002100170300001400191999001900205952008700224160319s9999 xx 000 0 und d aStonyhurst foundation Day 2006 Disc 2 / cStonyhurst Southville International School Batangas. c2006 a1 videodisc :  bsound, color. ;  c4 3/4 in. c292610d292610 001040aSSISBbSSISBd2016-03-19l0pAV-213r2016-03-19 00:00:00w2016-03-19yAVM